| 000 | 01082nas a2200337 4500 | ||
|---|---|---|---|
| 001 | BR2013005165 | ||
| 003 | BR-BrBNA | ||
| 005 | 20231205122618.0 | ||
| 007 | ta | ||
| 008 | 230509b bl.|||p| |||| 00| 00por d | ||
| 040 |
_aBR-BrBNA _bpor _cBiblioteca Nacional de Agricultura |
||
| 041 | _a(Pt) | ||
| 072 | _ah20; f50 | ||
| 100 | 1 | _aGomes, R.T. | |
| 100 | 1 | _aKitajima, E.W. | |
| 100 | 1 | _aTanaka, F.A.O. | |
| 100 | 1 | _aMarques, J.P.R | |
| 100 | 1 | _aAppezzato-da-Glória, B. | |
| 245 | 1 | _aAnatomia de lesões foliares causadas pelo vírus da Mancha Clorótica do Clerodendrum tansmitido pelo ácaro Brevipalpus phoenicis em diferentes espécies | |
| 650 | _aPLANTA ORNAMENTAL | ||
| 650 | _aCORAÇÃO SANGRENTO | ||
| 650 | _aANATOMIA VEGETAL | ||
| 650 | _aHISTOPATOLOGIA | ||
| 650 | _aMANCHA FOLIAR | ||
| 650 | _aVÍRUS | ||
| 650 | _aÁCARO | ||
| 650 | _aBREVIPALPUS PHOENICIS | ||
| 773 | 0 |
_tSumma Phytopathologica (Brazil) _xISSN 0100-5405 _g(Oct-Dec 2010), v. 36(4) p. 291-297 _wBR2013005165 |
|
| 909 |
_a202311 _bLúcia _c55 _dLúcia Elande |
||
| 942 |
_2AGRIS _n0 _cANA |
||
| 999 |
_c229572 _d229572 |
||